000 01249nam a2200325 a 4500
001 000046676
003 DO-SdBNP
005 20250621074009.0
008 081127s2014 dr a 000 0 spa d
020 _a9789945468335
040 _aDO-SdBNP
_bspa
_cBNPHU
082 _axxx
_bC343M
100 1 _aCassá, Roberto,
_d1948-
_910888
245 1 0 _aManuel Rodríguez Objío /
_cRoberto Cassá ; ilustraciones José Mercader.
250 _a2a ed.
260 _aSanto Domingo :
_bTobogán ,
_c2014.
_fAlfa y Omega
300 _a48 p. :
_bil. ;
_c24 cm.
490 1 _aBiografías dominicanas Tobogán ;
500 _aIncluye datos biografícos del autor y del ilustrador.
504 _aBibliografía : p. 45
505 0 _tSu relieve --
_tPrecocidad --
_tPaladín de la restauración --
_tPrecursor del radicalismo democrático --
_tExiliado en Haití --
_tEl martirio --
_tBibliografía.
590 _aInventariado, 2018/ YL
600 1 4 _aRODRÍGUEZ OBJÍO, MANUEL,
_y1838-1871
_vBIOGRAFÍAS
_974628
651 4 _aRepública Dominicana
_xHistoria
_9170
651 0 _aRepública Dominicana
_xPolítica y gobierno
_945
700 1 2 _aMercader, José
_eil.
_956560
830 0 _aBiografías dominicanas Tobogán
_9769
910 _aYL
942 _2ddc
_cLBS1
999 _c46165
_d46165